| 000 | 00871nas a2200289 4500 | ||
|---|---|---|---|
| 001 | BR2014001714 | ||
| 003 | BR-BrBNA | ||
| 005 | 20231205123828.0 | ||
| 007 | ta | ||
| 008 | 230509b bl.|||p| |||| 00| 00por d | ||
| 040 |
_aBR-BrBNA _bpor _cBiblioteca Nacional de Agricultura |
||
| 041 | _a(Pt) | ||
| 072 | _aF03 | ||
| 100 | 1 | _aPereira, S.R. | |
| 100 | 1 | _aRodrigues, A.P.D.C. | |
| 100 | 1 | _aLaura, V.A. | |
| 245 | 1 | _aInfluência da temperatura na germinação de sementes de Peltophorum dubium (Spreng.)Taub. | |
| 650 | _aTAMBORIL BRAVO | ||
| 650 | _aPELTOPHORUM DUBIUM | ||
| 650 | _aÁRVORE ANGIOSPERMA | ||
| 650 | _aSEMENTE | ||
| 650 | _aTEMPERATURA | ||
| 650 | _aGERMINAÇÃO | ||
| 773 | 0 |
_tInformativo ABRATES (Brazil) _xISSN 0103-667X _g(Dez 2013), v. 23(3) p. 52-55 _wBR2014001714 |
|
| 909 |
_a202311 _bLúcia _c55 _dLúcia Elande |
||
| 942 |
_2AGRIS _n0 _cANA |
||
| 999 |
_c235911 _d235911 |
||